Countries that Use a Dinar - Statistics

General Stats
  • This quiz has been taken 15 times
  • The average score is 5 of 8
Answer Stats
Answer % Correct
Bahrain
71%
Kuwait
71%
Iraq
64%
Serbia
64%
Algeria
57%
Libya
57%
Tunisia
57%
Jordan
43%
No matching quizzes found
Score Distribution
Percent of People with Each Score
Percentile by Number Answered
Your Score History
You have not taken this quiz